{"text_format":"1","workbook":"xlsx","n_sheets":2,"sheets":["Данные","Лист1"],"not_rendered":{"charts":0,"images":0,"macros":1,"external_links":0,"defined_names":4,"comments":0,"pivot_tables":0},"unopened":[],"bounds":{"document_bytes":16777216,"sheet_cells":100000,"rows_first":2000,"rows_last":500,"rows_between":2000,"halvings":0,"cell_chars":16384,"cell_head_chars":4096},"cells_cut":0,"cells_raw":0,"read":"whole","date_system":"1900"}

{"sheet":"Данные","index":0,"n_rows":294,"n_cols":10,"rows_kept":294,"cut":false,"hidden":false,"merged":[[1,0,1,9]]}
[null,null,null,null,null,null,null,null,"Приложение №1"]
["Перечень актуальных и готовых к реализации невостребованных МТР"]
[]
["Наименование лота","Наименование ОГ","№ лота","№ позиции","Наименование неликвидных (НЛ) и невостребованных ликвидных (НВЛ) материалов","Ед. изм","Количество","Мин. цена реализации за ед., руб., без НДС ","Сумма, руб. без НДС","Место нахождения"]
["Анализатор","ПАО АНК \"Башнефть\" \"Башнефть-Новойл\"",1,1,"Анализатор M400/(G)2(X)H Mettler-Toledo","ШТ",2,324779.06,{"$f":"G5*H5","v":649558.12},"450045, г. Уфа, ПАО АНК \"Башнефть\" \"Башнефть-Новойл\""]
["Анализатор","ПАО АНК \"Башнефть\" \"Башнефть-Новойл\"",1,2,"Анализатор M400/(G)2(X)H Mettler-Toledo","ШТ",3,324779.06,974337.17999999993,"450045, г. Уфа, ПАО АНК \"Башнефть\" \"Башнефть-Новойл\""]
["Ввод кабельный","ПАО АНК \"Башнефть\" \"Башнефть-Новойл\"",2,3,"Ввод кабельный ВН20","ШТ",22,189.47,4168.34,"450045, г. Уфа, ПАО АНК \"Башнефть\" \"Башнефть-Новойл\""]
["Ввод кабельный","ПАО АНК \"Башнефть\" \"Башнефть-Новойл\"",2,4,"Ввод кабельный ВН20","ШТ",330,189.47,62525.1,"450045, г. Уфа, ПАО АНК \"Башнефть\" \"Башнефть-Новойл\""]
["Ввод кабельный","ПАО АНК \"Башнефть\" \"Башнефть-Новойл\"",2,5,"Ввод кабельный ВН20","ШТ",160,189.47,30315.200000000001,"450045, г. Уфа, ПАО АНК \"Башнефть\" \"Башнефть-Новойл\""]
["Ввод кабельный","ПАО АНК \"Башнефть\" \"Башнефть-Новойл\"",2,6,"Ввод кабельный ВН20","ШТ",150,189.47,28420.5,"450045, г. Уфа, ПАО АНК \"Башнефть\" \"Башнефть-Новойл\""]
["Ввод кабельный","ПАО АНК \"Башнефть\" \"Башнефть-Новойл\"",2,7,"Ввод кабельный CMP 20T3CDS1RA","ШТ",6,650.32000000000005,3901.92,"450045, г. Уфа, ПАО АНК \"Башнефть\" \"Башнефть-Новойл\""]
["Ввод кабельный","ПАО АНК \"Башнефть\" \"Башнефть-Новойл\"",2,8,"Ввод кабельный ВН20","ШТ",21,189.47,3978.87,"450045, г. Уфа, ПАО АНК \"Башнефть\" \"Башнефть-Новойл\""]
["Выключатели","ПАО АНК \"Башнефть\" \"Башнефть-Новойл\"",3,9,"Выкл. iC60N Schneider Electric A9F74270","ШТ",2,2394.8000000000002,4789.6000000000004,"450045, г. Уфа, ПАО АНК \"Башнефть\" \"Башнефть-Новойл\""]
["Выключатели","ПАО АНК \"Башнефть\" \"Башнефть-Новойл\"",3,10,"Выключатель авт. Э06В","ШТ",2,19735.8,39471.599999999999,"450045, г. Уфа, ПАО АНК \"Башнефть\" \"Башнефть-Новойл\""]
["Выключатели","ПАО АНК \"Башнефть\" \"Башнефть-Новойл\"",3,11,"Выкл. iC60N Schneider Electric A9F74270","ШТ",2,2394.8000000000002,4789.6000000000004,"450045, г. Уфа, ПАО АНК \"Башнефть\" \"Башнефть-Новойл\""]
["Выключатели","ПАО АНК \"Башнефть\" \"Башнефть-Новойл\"",3,12,"Выкл. авт. ВА 21-29-120010 6.3А","ШТ",2,965.54,1931.08,"450045, г. Уфа, ПАО АНК \"Башнефть\" \"Башнефть-Новойл\""]
["Выключатели","ПАО АНК \"Башнефть\" \"Башнефть-Новойл\"",3,13,"Выключатель авт. АВ2М-10НВ 800А","ШТ",2,77450.600000000006,154901.20000000001,"450045, г. Уфа, ПАО АНК \"Башнефть\" \"Башнефть-Новойл\""]
["Выключатели","ПАО АНК \"Башнефть\" \"Башнефть-Новойл\"",3,14,"Выключатель авт. АВ2М-15С 1500А","ШТ",1,74989.119999999995,74989.119999999995,"450045, г. Уфа, ПАО АНК \"Башнефть\" \"Башнефть-Новойл\""]
["Выключатели","ПАО АНК \"Башнефть\" \"Башнефть-Новойл\"",3,15,"Выключатель авт. ВА51-25-341110Р 10А","ШТ",1,492.05,492.05,"450045, г. Уфа, ПАО АНК \"Башнефть\" \"Башнефть-Новойл\""]
["Выключатели","ПАО АНК \"Башнефть\" \"Башнефть-Новойл\"",3,16,"Выключатель авт. ВА61F29-3K 1.6А","ШТ",6,512.41999999999996,3074.5199999999995,"450045, г. Уфа, ПАО АНК \"Башнефть\" \"Башнефть-Новойл\""]
["Выключатели","ПАО АНК \"Башнефть\" \"Башнефть-Новойл\"",3,17,"Выключатель ВА 21-29-120010-00У3 1,0А","ШТ",2,618.51,1237.02,"450045, г. Уфа, ПАО АНК \"Башнефть\" \"Башнефть-Новойл\""]
["Выключатели","ПАО АНК \"Башнефть\" \"Башнефть-Новойл\"",3,18,"Выключатель путевой ВПВ-4Б12 ХЛ1","ШТ",1,3471.5,3471.5,"450045, г. Уфа, ПАО АНК \"Башнефть\" \"Башнефть-Новойл\""]
["Выключатели","ПАО АНК \"Башнефть\" \"Башнефть-Новойл\"",3,19,"Х Выключатель авт. C60N 24068 2P 0.5А","ШТ",1,1602.26,1602.26,"450045, г. Уфа, ПАО АНК \"Башнефть\" \"Башнефть-Новойл\""]
["Выключатели","ПАО АНК \"Башнефть\" \"Башнефть-Новойл\"",3,20,"Х Выключатель авт. C60N 24068 2P 0.5А","ШТ",3,1133.1600000000001,3399.4800000000005,"450045, г. Уфа, ПАО АНК \"Башнефть\" \"Башнефть-Новойл\""]
["Выключатели","ПАО АНК \"Башнефть\" \"Башнефть-Новойл\"",3,21,"Х Выключатель авт. C60N 24068 2P 0.5А","ШТ",2,1133.1600000000001,2266.3200000000002,"450045, г. Уфа, ПАО АНК \"Башнефть\" \"Башнефть-Новойл\""]
["Выключатели","ПАО АНК \"Башнефть\" \"Башнефть-Новойл\"",3,22,"Х Выключатель авт. Legrand L/06263 2P10А","ШТ",1,720.26,720.26,"450045, г. Уфа, ПАО АНК \"Башнефть\" \"Башнефть-Новойл\""]
["Выключатели","ПАО АНК \"Башнефть\" \"Башнефть-Новойл\"",3,23,"Х Выключатель авт. C60N 24068 2P 0.5А","ШТ",2,1133.1600000000001,2266.3200000000002,"450045, г. Уфа, ПАО АНК \"Башнефть\" \"Башнефть-Новойл\""]
["Газоанализатор","ПАО АНК \"Башнефть\" \"Башнефть-Новойл\"",4,24,"Газконтроль-01 ГК-01.1.12031.1.001.100","КМП",4,35828.589999999997,143314.35999999999,"450045, г. Уфа, ПАО АНК \"Башнефть\" \"Башнефть-Новойл\""]
["Газоанализатор","ПАО АНК \"Башнефть\" \"Башнефть-Новойл\"",4,25,"Газоанализатор Enotec Comtec 6000","ШТ",6,1049542.45,6297254.6999999993,"450045, г. Уфа, ПАО АНК \"Башнефть\" \"Башнефть-Новойл\""]
["Газоанализатор","ПАО АНК \"Башнефть\" \"Башнефть-Новойл\"",4,26,"Газоанализатор ОК-101","ШТ",1,11306.17,11306.17,"450045, г. Уфа, ПАО АНК \"Башнефть\" \"Башнефть-Новойл\""]
["Газоанализатор","ПАО АНК \"Башнефть\" \"Башнефть-Новойл\"",4,27,"Газоуловитель НХ107.35.000","ШТ",1,471141.47,471141.47,"450045, г. Уфа, ПАО АНК \"Башнефть\" \"Башнефть-Новойл\""]
["Гильзы защитные","ПАО АНК \"Башнефть\" \"Башнефть-Новойл\"",5,28,"Гильза 2004-01-00-Н10-800мм","ШТ",1,4629.43,4629.43,"450045, г. Уфа, ПАО АНК \"Башнефть\" \"Башнефть-Новойл\""]
["Гильзы защитные","ПАО АНК \"Башнефть\" \"Башнефть-Новойл\"",5,29,"Гильза ГЗР-01-G3/4-80-12Х18Н10Т","ШТ",1,796.4,796.4,"450045, г. Уфа, ПАО АНК \"Башнефть\" \"Башнефть-Новойл\""]
["Гильзы защитные","ПАО АНК \"Башнефть\" \"Башнефть-Новойл\"",5,30,"Гильза ГЗР-02-М27х2-630-12Х18Н10Т","ШТ",3,4453.1099999999997,13359.329999999998,"450045, г. Уфа, ПАО АНК \"Башнефть\" \"Башнефть-Новойл\""]
["Гильзы защитные","ПАО АНК \"Башнефть\" \"Башнефть-Новойл\"",5,31,"Гильза ГЗ-РТ.2-М33х2-20/2.5-800-Т78","ШТ",1,5174.91,5174.91,"450045, г. Уфа, ПАО АНК \"Башнефть\" \"Башнефть-Новойл\""]
["Гильзы защитные","ПАО АНК \"Башнефть\" \"Башнефть-Новойл\"",5,32,"Гильза ГЗ-РТ-М20х1.5-16/12-С10-120","ШТ",3,368.93,1106.79,"450045, г. Уфа, ПАО АНК \"Башнефть\" \"Башнефть-Новойл\""]
["Гильзы защитные","ПАО АНК \"Башнефть\" \"Башнефть-Новойл\"",5,33,"Гильза ГЗ-РЦ.1/М20х1,5-120-11-С10","ШТ",1,1013.55,1013.55,"450045, г. Уфа, ПАО АНК \"Башнефть\" \"Башнефть-Новойл\""]
["Гильзы защитные","ПАО АНК \"Башнефть\" \"Башнефть-Новойл\"",5,34,"Гильза ГЗ-РЦ-М20х1.5-30/8.5-250-С10-I","ШТ",2,1281.06,2562.12,"450045, г. Уфа, ПАО АНК \"Башнефть\" \"Башнефть-Новойл\""]
["Гильзы защитные","ПАО АНК \"Башнефть\" \"Башнефть-Новойл\"",5,35,"Гильза ГЗ-ФТ.RTJ/150/1-1/2\"-Т78-20/500","ШТ",4,8472.6299999999992,33890.519999999997,"450045, г. Уфа, ПАО АНК \"Башнефть\" \"Башнефть-Новойл\""]
["Гильзы защитные","ПАО АНК \"Башнефть\" \"Башнефть-Новойл\"",5,36,"Гильза ГЗ-ФТ.RTJ/150/1-1/2\"-Т78-20/800","ШТ",2,8889.92,17779.84,"450045, г. Уфа, ПАО АНК \"Башнефть\" \"Башнефть-Новойл\""]
["Гильзы защитные","ПАО АНК \"Башнефть\" \"Башнефть-Новойл\"",5,37,"Гильза защитная эск.450 12Х18Н10Т","ШТ",1,2498.42,2498.42,"450045, г. Уфа, ПАО АНК \"Башнефть\" \"Башнефть-Новойл\""]
["Гильзы защитные","ПАО АНК \"Башнефть\" \"Башнефть-Новойл\"",5,38,"Гильза ЮНКЖ 018-Смф-35-500/320","ШТ",1,2138.23,2138.23,"450045, г. Уфа, ПАО АНК \"Башнефть\" \"Башнефть-Новойл\""]
["Гильзы защитные","ПАО АНК \"Башнефть\" \"Башнефть-Новойл\"",5,39,"Гильза ЮНКЖ 019.RF-150-1.1/2-С10-16-500","ШТ",2,2632.97,5265.94,"450045, г. Уфа, ПАО АНК \"Башнефть\" \"Башнефть-Новойл\""]
["Гильзы защитные","ПАО АНК \"Башнефть\" \"Башнефть-Новойл\"",5,40,"Гильза ЮНКЖ 020.07-10-50-С10-35-320 кмп1","КМП",3,10105.19,30315.57,"450045, г. Уфа, ПАО АНК \"Башнефть\" \"Башнефть-Новойл\""]
["Гильзы защитные","ПАО АНК \"Башнефть\" \"Башнефть-Новойл\"",5,41,"Гильза200.004.00-06/М33х2-М20х1,5-80-Н10","ШТ",1,1647.64,1647.64,"450045, г. Уфа, ПАО АНК \"Башнефть\" \"Башнефть-Новойл\""]
["Датчики","ПАО АНК \"Башнефть\" \"Башнефть-Новойл\"",6,42,"Датчик кан. Siemens QAM 2120.040 400мм","ШТ",5,1495.94,7479.7000000000007,"450045, г. Уфа, ПАО АНК \"Башнефть\" \"Башнефть-Новойл\""]
["Датчики","ПАО АНК \"Башнефть\" \"Башнефть-Новойл\"",6,43,"Датчик приближения NCN4-12GM35-N0","ШТ",1,1305.73,1305.73,"450045, г. Уфа, ПАО АНК \"Башнефть\" \"Башнефть-Новойл\""]
["Датчики","ПАО АНК \"Башнефть\" \"Башнефть-Новойл\"",6,44,"Датчик тока Schneider Electric P/n 59635","ШТ",1,6382.39,6382.39,"450045, г. Уфа, ПАО АНК \"Башнефть\" \"Башнефть-Новойл\""]
["Датчики","ПАО АНК \"Башнефть\" \"Башнефть-Новойл\"",6,45,"Датчик-газоанализатор ДАХ-М-05-NH3-600","ШТ",1,30408.28,30408.28,"450045, г. Уфа, ПАО АНК \"Башнефть\" \"Башнефть-Новойл\""]
["Датчики","ПАО АНК \"Башнефть\" \"Башнефть-Новойл\"",6,46,"Датчик-реле контр.пламени RM7832A1016","ШТ",2,12947.05,25894.1,"450045, г. Уфа, ПАО АНК \"Башнефть\" \"Башнефть-Новойл\""]
["Датчики","ПАО АНК \"Башнефть\" \"Башнефть-Новойл\"",6,47,"Датчик-сигнализатор ДАТ-М-01","ШТ",5,13682.9,68414.5,"450045, г. Уфа, ПАО АНК \"Башнефть\" \"Башнефть-Новойл\""]
["Датчики","ПАО АНК \"Башнефть\" \"Башнефть-Новойл\"",6,48,"Датчик-сигнализатор ДАТ-М-02","ШТ",2,14217.38,28434.76,"450045, г. Уфа, ПАО АНК \"Башнефть\" \"Башнефть-Новойл\""]
["Клеммы","ПАО АНК \"Башнефть\" \"Башнефть-Новойл\"",7,49,"Клемма Phoenix Contact 3004142 упк.50шт","УПК",0.22,27195,5982.9,"450045, г. Уфа, ПАО АНК \"Башнефть\" \"Башнефть-Новойл\""]
["Клеммы","ПАО АНК \"Башнефть\" \"Башнефть-Новойл\"",7,50,"Клемма Phoenix Contact 3044241","ШТ",39,136.57,5326.23,"450045, г. Уфа, ПАО АНК \"Башнефть\" \"Башнефть-Новойл\""]
["Клеммы","ПАО АНК \"Башнефть\" \"Башнефть-Новойл\"",7,51,"Клемма Phoenix Contact SK 20 P/n 3025189","ШТ",6,161.56,969.36,"450045, г. Уфа, ПАО АНК \"Башнефть\" \"Башнефть-Новойл\""]
["Клеммы","ПАО АНК \"Башнефть\" \"Башнефть-Новойл\"",7,52,"Клемма Phoenix Contact SK 20 P/n 3025189","ШТ",2,161.56,323.12,"450045, г. Уфа, ПАО АНК \"Башнефть\" \"Башнефть-Новойл\""]
["Клеммы","ПАО АНК \"Башнефть\" \"Башнефть-Новойл\"",7,53,"Кл.с держ.предохр.UK 10-DREHSI 3005109","ШТ",320,164.95,52784,"450045, г. Уфа, ПАО АНК \"Башнефть\" \"Башнефть-Новойл\""]
["Клеммы","ПАО АНК \"Башнефть\" \"Башнефть-Новойл\"",7,54,"Кл.с держ.предохр.UK 10-DREHSI 3005109","ШТ",20,164.95,3299,"450045, г. Уфа, ПАО АНК \"Башнефть\" \"Башнефть-Новойл\""]
["Клеммы","ПАО АНК \"Башнефть\" \"Башнефть-Новойл\"",7,55,"Клем.проход. UK 6N BU 3004977","ШТ",50,28.15,1407.5,"450045, г. Уфа, ПАО АНК \"Башнефть\" \"Башнефть-Новойл\""]
["Клеммы","ПАО АНК \"Башнефть\" \"Башнефть-Новойл\"",7,56,"Клем.проход. UK 6N BU 3004977","ШТ",50,27.92,1396,"450045, г. Уфа, ПАО АНК \"Башнефть\" \"Башнефть-Новойл\""]
["Клеммы","ПАО АНК \"Башнефть\" \"Башнефть-Новойл\"",7,57,"Клем.с размык. UDK 4-MTK-P/P 2775210","ШТ",9,100.78,907.02,"450045, г. Уфа, ПАО АНК \"Башнефть\" \"Башнефть-Новойл\""]
["Клеммы","ПАО АНК \"Башнефть\" \"Башнефть-Новойл\"",7,58,"Клемма ABB MA2,5/5 1SNA115486R0300","ШТ",61,13.26,808.86,"450045, г. Уфа, ПАО АНК \"Башнефть\" \"Башнефть-Новойл\""]
["Клеммы","ПАО АНК \"Башнефть\" \"Башнефть-Новойл\"",7,59,"Клемма ABB MA2,5/5 1SNA115486R0300","ШТ",111,13.18,1462.98,"450045, г. Уфа, ПАО АНК \"Башнефть\" \"Башнефть-Новойл\""]
["Клеммы","ПАО АНК \"Башнефть\" \"Башнефть-Новойл\"",7,60,"Клемма Phoenix Contact 3004142 упк.50шт","УПК",3.12,27195,84848.400000000009,"450045, г. Уфа, ПАО АНК \"Башнефть\" \"Башнефть-Новойл\""]
["Клеммы","ПАО АНК \"Башнефть\" \"Башнефть-Новойл\"",7,61,"Клемма Phoenix Contact 3004142 упк.50шт","УПК",0.04,27195,1087.8,"450045, г. Уфа, ПАО АНК \"Башнефть\" \"Башнефть-Новойл\""]
["Клеммы","ПАО АНК \"Башнефть\" \"Башнефть-Новойл\"",7,62,"Клемма Phoenix Contact 3004142 упк.50шт","УПК",8.0399999999999991,27195,218647.8,"450045, г. Уфа, ПАО АНК \"Башнефть\" \"Башнефть-Новойл\""]
["Клеммы","ПАО АНК \"Башнефть\" \"Башнефть-Новойл\"",7,63,"Клемма Phoenix Contact 3004142 упк.50шт","УПК",6.1,27195,165889.5,"450045, г. Уфа, ПАО АНК \"Башнефть\" \"Башнефть-Новойл\""]
["Клеммы","ПАО АНК \"Башнефть\" \"Башнефть-Новойл\"",7,64,"Клемма Phoenix Contact 3004142 упк.50шт","УПК",0.28000000000000003,27195,7614.6,"450045, г. Уфа, ПАО АНК \"Башнефть\" \"Башнефть-Новойл\""]
["Клеммы","ПАО АНК \"Башнефть\" \"Башнефть-Новойл\"",7,65,"Клемма Phoenix Contact 3044241","ШТ",11,136.57,{"$f":"G69*H69","v":1502.27},"450045, г. Уфа, ПАО АНК \"Башнефть\" \"Башнефть-Новойл\""]
["Клеммы","ПАО АНК \"Башнефть\" \"Башнефть-Новойл\"",7,66,"Клемма Phoenix Contact 3044241","ШТ",30,120.61,3618.3,"450045, г. Уфа, ПАО АНК \"Башнефть\" \"Башнефть-Новойл\""]
["Клеммы","ПАО АНК \"Башнефть\" \"Башнефть-Новойл\"",7,67,"Клемма Phoenix Contact P/n 2966508","ШТ",7,621.6,4351.2,"450045, г. Уфа, ПАО АНК \"Башнефть\" \"Башнефть-Новойл\""]
["Клеммы","ПАО АНК \"Башнефть\" \"Башнефть-Новойл\"",7,68,"Клемма Phoenix Contact P/n 2966508","ШТ",7,621.6,4351.2,"450045, г. Уфа, ПАО АНК \"Башнефть\" \"Башнефть-Новойл\""]
["Клеммы","ПАО АНК \"Башнефть\" \"Башнефть-Новойл\"",7,69,"Клемма Phoenix Contact P/n 2966508","ШТ",1,621.6,621.6,"450045, г. Уфа, ПАО АНК \"Башнефть\" \"Башнефть-Новойл\""]
["Клеммы","ПАО АНК \"Башнефть\" \"Башнефть-Новойл\"",7,70,"Клемма Phoenix Contact P/n 2966508","ШТ",10,621.6,6216,"450045, г. Уфа, ПАО АНК \"Башнефть\" \"Башнефть-Новойл\""]
["Клеммы","ПАО АНК \"Башнефть\" \"Башнефть-Новойл\"",7,71,"Клемма Phoenix Contact P/n 3003923","ШТ",33,151.19999999999999,4989.5999999999995,"450045, г. Уфа, ПАО АНК \"Башнефть\" \"Башнефть-Новойл\""]
["Клеммы","ПАО АНК \"Башнефть\" \"Башнефть-Новойл\"",7,72,"Клемма Phoenix Contact P/n 3003923","ШТ",200,151.19999999999999,30239.999999999996,"450045, г. Уфа, ПАО АНК \"Башнефть\" \"Башнефть-Новойл\""]
["Клеммы","ПАО АНК \"Башнефть\" \"Башнефть-Новойл\"",7,73,"Клемма Phoenix Contact P/n 3003923","ШТ",50,151.19999999999999,7559.9999999999991,"450045, г. Уфа, ПАО АНК \"Башнефть\" \"Башнефть-Новойл\""]
["Клеммы","ПАО АНК \"Башнефть\" \"Башнефть-Новойл\"",7,74,"Клемма Phoenix Contact P/n 3005170","ШТ",30,260.17,7805.1,"450045, г. Уфа, ПАО АНК \"Башнефть\" \"Башнефть-Новойл\""]
["Клеммы","ПАО АНК \"Башнефть\" \"Башнефть-Новойл\"",7,75,"Клемма Phoenix Contact P/n 3044173","ШТ",50,53.54,2677,"450045, г. Уфа, ПАО АНК \"Башнефть\" \"Башнефть-Новойл\""]
["Клеммы","ПАО АНК \"Башнефть\" \"Башнефть-Новойл\"",7,76,"Клемма Phoenix Contact P/n 3046100","ШТ",650,194.39,126353.49999999999,"450045, г. Уфа, ПАО АНК \"Башнефть\" \"Башнефть-Новойл\""]
["Клеммы","ПАО АНК \"Башнефть\" \"Башнефть-Новойл\"",7,77,"Клемма Phoenix Contact SK 20 P/n 3025189","ШТ",2,161.56,323.12,"450045, г. Уфа, ПАО АНК \"Башнефть\" \"Башнефть-Новойл\""]
["Клеммы","ПАО АНК \"Башнефть\" \"Башнефть-Новойл\"",7,78,"Клемма UK6-FSI/C Phoenix Contact 3118203","ШТ",30,441.42,13242.6,"450045, г. Уфа, ПАО АНК \"Башнефть\" \"Башнефть-Новойл\""]
["Клеммы","ПАО АНК \"Башнефть\" \"Башнефть-Новойл\"",7,79,"Клемма UK6-FSI/C Phoenix Contact 3118203","ШТ",60,441.42,26485.200000000001,"450045, г. Уфа, ПАО АНК \"Башнефть\" \"Башнефть-Новойл\""]
["Клеммы","ПАО АНК \"Башнефть\" \"Башнефть-Новойл\"",7,80,"Клемма винтовая ABB 1SNA165488R2700","ШТ",3,58.82,176.46,"450045, г. Уфа, ПАО АНК \"Башнефть\" \"Башнефть-Новойл\""]
["Клеммы","ПАО АНК \"Башнефть\" \"Башнефть-Новойл\"",7,81,"Клемма-отвод AGK4-UT35 3047138","ШТ",10,49.21,492.1,"450045, г. Уфа, ПАО АНК \"Башнефть\" \"Башнефть-Новойл\""]
["Манометры","ПАО АНК \"Башнефть\" \"Башнефть-Новойл\"",8,82,"ДМ 2005Сг1Ex-10 кгс/см2","ШТ",18,6215.16,111872.88,"450045, г. Уфа, ПАО АНК \"Башнефть\" \"Башнефть-Новойл\""]
["Манометры","ПАО АНК \"Башнефть\" \"Башнефть-Новойл\"",8,83,"Мановакуумметр МВП3А-УУ2 -100-0-500кПа","ШТ",2,39.82,79.64,"450045, г. Уфа, ПАО АНК \"Башнефть\" \"Башнефть-Новойл\""]
["Манометры","ПАО АНК \"Башнефть\" \"Башнефть-Новойл\"",8,84,"Манометр ДМ-2005Сг-У3-60кгс/см2","ШТ",10,103.7,1037,"450045, г. Уфа, ПАО АНК \"Башнефть\" \"Башнефть-Новойл\""]
["Манометры","ПАО АНК \"Башнефть\" \"Башнефть-Новойл\"",8,85,"Манометр ДМ-2005Сг-У3-60кгс/см2","ШТ",4,103.7,414.8,"450045, г. Уфа, ПАО АНК \"Башнефть\" \"Башнефть-Новойл\""]
["Манометры","ПАО АНК \"Башнефть\" \"Башнефть-Новойл\"",8,86,"Манометр ДМ-2005Сг-У3-60кгс/см2","ШТ",12,103.7,1244.4000000000001,"450045, г. Уфа, ПАО АНК \"Башнефть\" \"Башнефть-Новойл\""]
["Манометры","ПАО АНК \"Башнефть\" \"Башнефть-Новойл\"",8,87,"Мановакуум. ДА-8009Кс -1.5-1-1.5кгс/см2","ШТ",2,6911.16,13822.32,"450045, г. Уфа, ПАО АНК \"Башнефть\" \"Башнефть-Новойл\""]
["Манометры","ПАО АНК \"Башнефть\" \"Башнефть-Новойл\"",8,88,"Мановакуумметр МВП100М-(-0,1...0,06)МПа","ШТ",1,227.09,227.09,"450045, г. Уфа, ПАО АНК \"Башнефть\" \"Башнефть-Новойл\""]
["Манометры","ПАО АНК \"Башнефть\" \"Башнефть-Новойл\"",8,89,"Мановакуумметр МВП100М-(-0,1...0,15)МПа","ШТ",2,227.09,454.18,"450045, г. Уфа, ПАО АНК \"Башнефть\" \"Башнефть-Новойл\""]
["Манометры","ПАО АНК \"Башнефть\" \"Башнефть-Новойл\"",8,90,"Мановакуумметр МВП3А-УУ2 -100-0-500кПа","ШТ",60,39.82,2389.1999999999998,"450045, г. Уфа, ПАО АНК \"Башнефть\" \"Башнефть-Новойл\""]
["Манометры","ПАО АНК \"Башнефть\" \"Башнефть-Новойл\"",8,91,"Мановакуумметр МВП4-УУ2 5кгс/см2","ШТ",1,344.95,344.95,"450045, г. Уфа, ПАО АНК \"Башнефть\" \"Башнефть-Новойл\""]
["Манометры","ПАО АНК \"Башнефть\" \"Башнефть-Новойл\"",8,92,"Манометр ДК03702-1000Па","ШТ",4,901.84,3607.36,"450045, г. Уфа, ПАО АНК \"Башнефть\" \"Башнефть-Новойл\""]
["Манометры","ПАО АНК \"Башнефть\" \"Башнефть-Новойл\"",8,93,"Манометр ДМ 1001-У2 1,6МПа 1,0","ШТ",356,4.7,1673.2,"450045, г. Уфа, ПАО АНК \"Башнефть\" \"Башнефть-Новойл\""]
["Манометры","ПАО АНК \"Башнефть\" \"Башнефть-Новойл\"",8,94,"Манометр ДМ-1001-600МПа","ШТ",340,194.04,65973.599999999991,"450045, г. Уфа, ПАО АНК \"Башнефть\" \"Башнефть-Новойл\""]
["Манометры","ПАО АНК \"Башнефть\" \"Башнефть-Новойл\"",8,95,"Манометр ДМ-2005Сг-100кгс/см2","ШТ",4,94.83,379.32,"450045, г. Уфа, ПАО АНК \"Башнефть\" \"Башнефть-Новойл\""]
["Манометры","ПАО АНК \"Башнефть\" \"Башнефть-Новойл\"",8,96,"Манометр ДМ-2005Сг-25кгс/см2","ШТ",1,441.43,441.43,"450045, г. Уфа, ПАО АНК \"Башнефть\" \"Башнефть-Новойл\""]
["Манометры","ПАО АНК \"Башнефть\" \"Башнефть-Новойл\"",8,97,"Манометр ДМ-2005Сг-25кгс/см2","ШТ",37,441.43,16332.91,"450045, г. Уфа, ПАО АНК \"Башнефть\" \"Башнефть-Новойл\""]
["Манометры","ПАО АНК \"Башнефть\" \"Башнефть-Новойл\"",8,98,"Манометр ДМ-2005Сг-40кгс/см2","ШТ",96,64.44,6186.24,"450045, г. Уфа, ПАО АНК \"Башнефть\" \"Башнефть-Новойл\""]
["Манометры","ПАО АНК \"Башнефть\" \"Башнефть-Новойл\"",8,99,"Манометр ДМ-2005Сг-У3-60кгс/см2","ШТ",88,103.7,9125.6,"450045, г. Уфа, ПАО АНК \"Башнефть\" \"Башнефть-Новойл\""]
["Манометры","ПАО АНК \"Башнефть\" \"Башнефть-Новойл\"",8,100,"Манометр ДМ-2018-1.6кгс/см2","ШТ",5,403.2,2016,"450045, г. Уфа, ПАО АНК \"Башнефть\" \"Башнефть-Новойл\""]
["Манометры","ПАО АНК \"Башнефть\" \"Башнефть-Новойл\"",8,101,"Манометр МП2-Уф-250кгс/см2","ШТ",4,141.12,564.48,"450045, г. Уфа, ПАО АНК \"Башнефть\" \"Башнефть-Новойл\""]
["Манометры","ПАО АНК \"Башнефть\" \"Башнефть-Новойл\"",8,102,"Манометр МП3-У-1,5-400 кгс/см2 радиальн.","ШТ",40,66.38,2655.2,"450045, г. Уфа, ПАО АНК \"Башнефть\" \"Башнефть-Новойл\""]
["Манометры","ПАО АНК \"Башнефть\" \"Башнефть-Новойл\"",8,103,"Манометр МП4-УУ2-1600кгс/см2","ШТ",28,622.6,17432.8,"450045, г. Уфа, ПАО АНК \"Башнефть\" \"Башнефть-Новойл\""]
["Манометры","ПАО АНК \"Башнефть\" \"Башнефть-Новойл\"",8,104,"Манометр МП4-Уф-1600кгс/см2","ШТ",2,625.97,1251.94,"450045, г. Уфа, ПАО АНК \"Башнефть\" \"Башнефть-Новойл\""]
["Манометры","ПАО АНК \"Башнефть\" \"Башнефть-Новойл\"",8,105,"ДМ 2005СГ-1,6МПА-1,5","ШТ",38,64.099999999999994,2435.7999999999997,"450045, г. Уфа, ПАО АНК \"Башнефть\" \"Башнефть-Новойл\""]
["Манометры","ПАО АНК \"Башнефть\" \"Башнефть-Новойл\"",8,106,"ДМ 2005Сг1Ex-10 кгс/см2","ШТ",1,6215.16,6215.16,"450045, г. Уфа, ПАО АНК \"Башнефть\" \"Башнефть-Новойл\""]
["Манометры","ПАО АНК \"Башнефть\" \"Башнефть-Новойл\"",8,107,"ДМ 2005Сг1Ex-10 кгс/см2","ШТ",1,6215.16,6215.16,"450045, г. Уфа, ПАО АНК \"Башнефть\" \"Башнефть-Новойл\""]
["Манометры","ПАО АНК \"Башнефть\" \"Башнефть-Новойл\"",8,108,"ДМ 2005Сг1Ex-10 кгс/см2","ШТ",1,6215.16,6215.16,"450045, г. Уфа, ПАО АНК \"Башнефть\" \"Башнефть-Новойл\""]
["Манометры","ПАО АНК \"Башнефть\" \"Башнефть-Новойл\"",8,109,"ДМ 2005СГ-4кгс/см2","ШТ",56,64.099999999999994,3589.5999999999995,"450045, г. Уфа, ПАО АНК \"Башнефть\" \"Башнефть-Новойл\""]
["Расходомеры","ПАО АНК \"Башнефть\" \"Башнефть-Новойл\"",9,110,"Расх.DY250-EBLZ-2D/KF1/QR/Z PNA-01-N-ON","КМП",1,836638.91,836638.91,"450045, г. Уфа, ПАО АНК \"Башнефть\" \"Башнефть-Новойл\""]
["Расходомеры","ПАО АНК \"Башнефть\" \"Башнефть-Новойл\"",9,111,"Расходомер 8800 DF010SM3E2D1I8M5R33Q4YR","ШТ",1,168118.76,168118.76,"450045, г. Уфа, ПАО АНК \"Башнефть\" \"Башнефть-Новойл\""]
["Расходомеры","ПАО АНК \"Башнефть\" \"Башнефть-Новойл\"",9,112,"Расходомер 8800D F010SM3N1D1I1M5Q4YR КОФ","КМП",1,91780.1,{"$f":"G116*H116","v":91780.1},"450045, г. Уфа, ПАО АНК \"Башнефть\" \"Башнефть-Новойл\""]
["Расходомеры","ПАО АНК \"Башнефть\" \"Башнефть-Новойл\"",9,113,"Расходомер 8800D F010SM3N2D1I8M5Q4YR","ШТ",1,140171.21,140171.21,"450045, г. Уфа, ПАО АНК \"Башнефть\" \"Башнефть-Новойл\""]
["Расходомеры","ПАО АНК \"Башнефть\" \"Башнефть-Новойл\"",9,114,"Расходомер AXF250G-E1AL1N-CD21-41B/QR","КМП",1,168180.94,168180.94,"450045, г. Уфа, ПАО АНК \"Башнефть\" \"Башнефть-Новойл\""]
["Расходомеры","ПАО АНК \"Башнефть\" \"Башнефть-Новойл\"",9,115,"Расходомер Krohne 3400 F/XXT-Ex Ду150/40","КМП",1,576543.65,576543.65,"450045, г. Уфа, ПАО АНК \"Башнефть\" \"Башнефть-Новойл\""]
["Расходомеры","ПАО АНК \"Башнефть\" \"Башнефть-Новойл\"",9,116,"Расходомер Krohne 7300 80/40 кмп1","ШТ",4,409345.45,1637381.8,"450045, г. Уфа, ПАО АНК \"Башнефть\" \"Башнефть-Новойл\""]
["Расходомеры","ПАО АНК \"Башнефть\" \"Башнефть-Новойл\"",9,117,"Расходомер RCCS39-M08D4SL/KS1/DN/HT кмп1","КМП",1,625955.77,625955.77,"450045, г. Уфа, ПАО АНК \"Башнефть\" \"Башнефть-Новойл\""]
["Расходомеры","ПАО АНК \"Башнефть\" \"Башнефть-Новойл\"",9,118,"Расходомер RCCT36-DH1M02D4SL/KF1/DN кмп1","КМП",1,246258.26,246258.26,"450045, г. Уфа, ПАО АНК \"Башнефть\" \"Башнефть-Новойл\""]
["Расходомеры","ПАО АНК \"Башнефть\" \"Башнефть-Новойл\"",9,119,"Расходомер TA2-A4B0-930+TMR-A11A-111кмп1","КМП",1,220143.76,220143.76,"450045, г. Уфа, ПАО АНК \"Башнефть\" \"Башнефть-Новойл\""]
["Расходомеры","ПАО АНК \"Башнефть\" \"Башнефть-Новойл\"",9,120,"Расходомер UFM-500 F030-HT-1Ex100/16кмп1","ШТ",1,575857.64,575857.64,"450045, г. Уфа, ПАО АНК \"Башнефть\" \"Башнефть-Новойл\""]
["Расходомеры","ПАО АНК \"Башнефть\" \"Башнефть-Новойл\"",9,121,"Rosemount 8800DF020SN3N2D1I8M5Q4YR","ШТ",1,145270.85999999999,145270.85999999999,"450045, г. Уфа, ПАО АНК \"Башнефть\" \"Башнефть-Новойл\""]
["Сигнализаторы уровня","ПАО АНК \"Башнефть\" \"Башнефть-Новойл\"",10,122,"Сигн. уровня FTL51-KGW2BB4G5A L=1000мм","ШТ",3,21950.55,65851.649999999994,"450045, г. Уфа, ПАО АНК \"Башнефть\" \"Башнефть-Новойл\""]
["Сигнализаторы уровня","ПАО АНК \"Башнефть\" \"Башнефть-Новойл\"",10,123,"Сигн. уровня FTL51-KGW2BB4G5A L=1800мм","ШТ",12,24511.67,294140.03999999998,"450045, г. Уфа, ПАО АНК \"Башнефть\" \"Башнефть-Новойл\""]
["Сигнализаторы уровня","ПАО АНК \"Башнефть\" \"Башнефть-Новойл\"",10,124,"Сигн. уровня FTL51-KGW2BB4G5A L=2100мм","ШТ",3,25472.1,76416.299999999988,"450045, г. Уфа, ПАО АНК \"Башнефть\" \"Башнефть-Новойл\""]
["Сигнализаторы уровня","ПАО АНК \"Башнефть\" \"Башнефть-Новойл\"",10,125,"Сигн. уровня FTL51-KGW2BB4G5A L=600мм","ШТ",1,20669.98,20669.98,"450045, г. Уфа, ПАО АНК \"Башнефть\" \"Башнефть-Новойл\""]
["Сигнализаторы уровня","ПАО АНК \"Башнефть\" \"Башнефть-Новойл\"",10,126,"Сигн. уровня ИСУ153И-2.4 L=2500мм","ШТ",2,6580.97,13161.94,"450045, г. Уфа, ПАО АНК \"Башнефть\" \"Башнефть-Новойл\""]
["Сигнализаторы уровня","ПАО АНК \"Башнефть\" \"Башнефть-Новойл\"",10,127,"Сигн. уровня УЗС-107И L=160мм","КМП",1,5501.16,5501.16,"450045, г. Уфа, ПАО АНК \"Башнефть\" \"Башнефть-Новойл\""]
["Сигнализаторы уровня","ПАО АНК \"Башнефть\" \"Башнефть-Новойл\"",10,128,"Сигн. уровня УЗС-209И L=2600мм","КМП",1,17895.62,17895.62,"450045, г. Уфа, ПАО АНК \"Башнефть\" \"Башнефть-Новойл\""]
["Сигнализаторы уровня","ПАО АНК \"Башнефть\" \"Башнефть-Новойл\"",10,129,"Сигнализатор расхода XTD1-2D00-0C1","ШТ",2,66424.97,132849.94,"450045, г. Уфа, ПАО АНК \"Башнефть\" \"Башнефть-Новойл\""]
["Сигнализаторы уровня","ПАО АНК \"Башнефть\" \"Башнефть-Новойл\"",10,130,"Сигнализатор уровня СУ-1-2А L=2600мм","ШТ",1,31086.42,31086.42,"450045, г. Уфа, ПАО АНК \"Башнефть\" \"Башнефть-Новойл\""]
["Сигнализаторы уровня","ПАО АНК \"Башнефть\" \"Башнефть-Новойл\"",10,131,"Сигн. уровня УЗС-107И L=160мм","КМП",4,5501.16,22004.639999999999,"450045, г. Уфа, ПАО АНК \"Башнефть\" \"Башнефть-Новойл\""]
["Система измерения","ПАО АНК \"Башнефть\" \"Башнефть-Новойл\"",11,132,"Система изм. Deltatop DO65F40 кмп1","КМП",1,166133.07,166133.07,"450045, г. Уфа, ПАО АНК \"Башнефть\" \"Башнефть-Новойл\""]
["Система измерения","ПАО АНК \"Башнефть\" \"Башнефть-Новойл\"",11,133,"Система изм. Deltatop DP62D кмп3","КМП",1,137250.28,137250.28,"450045, г. Уфа, ПАО АНК \"Башнефть\" \"Башнефть-Новойл\""]
["Система измерения","ПАО АНК \"Башнефть\" \"Башнефть-Новойл\"",11,134,"Система изм. Deltatop DP62D кмп5","КМП",1,155342.23000000001,155342.23000000001,"450045, г. Уфа, ПАО АНК \"Башнефть\" \"Башнефть-Новойл\""]
["Система измерения","ПАО АНК \"Башнефть\" \"Башнефть-Новойл\"",11,135,"Система изм. Deltatop DP62D кмп6","КМП",1,141584.04,141584.04,"450045, г. Уфа, ПАО АНК \"Башнефть\" \"Башнефть-Новойл\""]
["Термооборудование","ПАО АНК \"Башнефть\" \"Башнефть-Новойл\"",12,136,"Терм. WIKA A5501(0..120)C-1-230-10-M20","ШТ",2,5491.36,10982.72,"450045, г. Уфа, ПАО АНК \"Башнефть\" \"Башнефть-Новойл\""]
["Термооборудование","ПАО АНК \"Башнефть\" \"Башнефть-Новойл\"",12,137,"Терм. БТ-54.222 (0-250C)-1.5-100-G1/2","ШТ",2,1547.82,3095.64,"450045, г. Уфа, ПАО АНК \"Башнефть\" \"Башнефть-Новойл\""]
["Термооборудование","ПАО АНК \"Башнефть\" \"Башнефть-Новойл\"",12,138,"Терм. ТБ-2 (0..200)C-1-80-10-М20","ШТ",1,468.34,468.34,"450045, г. Уфа, ПАО АНК \"Башнефть\" \"Башнефть-Новойл\""]
["Термооборудование","ПАО АНК \"Башнефть\" \"Башнефть-Новойл\"",12,139,"Терм. ТБП-100/80НХ/Т (0..160)C","ШТ",1,1196.5999999999999,1196.5999999999999,"450045, г. Уфа, ПАО АНК \"Башнефть\" \"Башнефть-Новойл\""]
["Термооборудование","ПАО АНК \"Башнефть\" \"Башнефть-Новойл\"",12,140,"Терм.608002/181084084110128262680/00080","ШТ",2,9462.67,18925.34,"450045, г. Уфа, ПАО АНК \"Башнефть\" \"Башнефть-Новойл\""]
["Термооборудование","ПАО АНК \"Башнефть\" \"Башнефть-Новойл\"",12,141,"Терм.608002/181085484161282626100/000100","ШТ",1,9910,9910,"450045, г. Уфа, ПАО АНК \"Башнефть\" \"Башнефть-Новойл\""]
["Термооборудование","ПАО АНК \"Башнефть\" \"Башнефть-Новойл\"",12,142,"Терм.Wika A5208(0..80)C-1-160-10мм-G1/2\"","ШТ",5,1464.84,7324.2,"450045, г. Уфа, ПАО АНК \"Башнефть\" \"Башнефть-Новойл\""]
["Термооборудование","ПАО АНК \"Башнефть\" \"Башнефть-Новойл\"",12,143,"Терминатор 9418/02-201-10","ШТ",1,2725.1,2725.1,"450045, г. Уфа, ПАО АНК \"Башнефть\" \"Башнефть-Новойл\""]
["Термооборудование","ПАО АНК \"Башнефть\" \"Башнефть-Новойл\"",12,144,"Термопр.ТТЦ05-700-1-ТЖК(J)-600-3","ШТ",1,1998.4,1998.4,"450045, г. Уфа, ПАО АНК \"Башнефть\" \"Башнефть-Новойл\""]
["Термооборудование","ПАО АНК \"Башнефть\" \"Башнефть-Новойл\"",12,145,"Термопр.ТТЦ06-1300-1-ТНН(N)-500-4","ШТ",1,3219.63,3219.63,"450045, г. Уфа, ПАО АНК \"Башнефть\" \"Башнефть-Новойл\""]
["Термооборудование","ПАО АНК \"Башнефть\" \"Башнефть-Новойл\"",12,146,"Термопр.ТТЦ11-300-1-ТХА(K)-2000-7","ШТ",1,1322.6,1322.6,"450045, г. Уфа, ПАО АНК \"Башнефть\" \"Башнефть-Новойл\""]
["Термооборудование","ПАО АНК \"Башнефть\" \"Башнефть-Новойл\"",12,147,"Термопреобр. 848T-F-I1-S001-T1-JA2-F5-Q4","ШТ",11,95207.89,1047286.79,"450045, г. Уфа, ПАО АНК \"Башнефть\" \"Башнефть-Новойл\""]
["Термооборудование","ПАО АНК \"Башнефть\" \"Башнефть-Новойл\"",12,148,"Термостат Thermon440.303.004","ШТ",3,24495.439999999999,73486.319999999992,"450045, г. Уфа, ПАО АНК \"Башнефть\" \"Башнефть-Новойл\""]
["Термооборудование","ПАО АНК \"Башнефть\" \"Башнефть-Новойл\"",12,149,"Термостат ZT-C-200-Р-XP 0..200С 1000мм","ШТ",1,26638.13,26638.13,"450045, г. Уфа, ПАО АНК \"Башнефть\" \"Башнефть-Новойл\""]
["Термооборудование","ПАО АНК \"Башнефть\" \"Башнефть-Новойл\"",12,150,"ТМ-510Р.00(0-6кгс/см2)М20х1,5.1,5","ШТ",5,264.60000000000002,1323,"450045, г. Уфа, ПАО АНК \"Башнефть\" \"Башнефть-Новойл\""]
["Термооборудование","ПАО АНК \"Башнефть\" \"Башнефть-Новойл\"",12,151,"ТМ-510Р.00(0-6кгс/см2)М20х1,5.1,5","ШТ",5,264.60000000000002,1323,"450045, г. Уфа, ПАО АНК \"Башнефть\" \"Башнефть-Новойл\""]
["Термооборудование","ПАО АНК \"Башнефть\" \"Башнефть-Новойл\"",12,152,"ТМ-610Р.00(0-1кгс/см2)М20х1,5.1,5","ШТ",10,286.06,2860.6,"450045, г. Уфа, ПАО АНК \"Башнефть\" \"Башнефть-Новойл\""]
["Термооборудование","ПАО АНК \"Башнефть\" \"Башнефть-Новойл\"",12,153,"Термостат ZT-C-200-Р-XP 0..200С 1000мм","ШТ",1,26638.13,26638.13,"450045, г. Уфа, ПАО АНК \"Башнефть\" \"Башнефть-Новойл\""]
["Термооборудование","ПАО АНК \"Башнефть\" \"Башнефть-Новойл\"",12,154,"ТМ-610Р.00(0-1кгс/см2)М20х1,5.1,5","ШТ",10,286.06,2860.6,"450045, г. Уфа, ПАО АНК \"Башнефть\" \"Башнефть-Новойл\""]
["Термооборудование","ПАО АНК \"Башнефть\" \"Башнефть-Новойл\"",12,155,"ТМ-610Р.00(0-1кгс/см2)М20х1,5.1,5","ШТ",10,286.06,2860.6,"450045, г. Уфа, ПАО АНК \"Башнефть\" \"Башнефть-Новойл\""]
["Муфты","ПАО АНК \"Башнефть\" \"Башнефть-Новойл\"",13,156,"Муфта SS-6M0-6-2 Swagelok","ШТ",4,2894.94,11579.76,"450045, г. Уфа, ПАО АНК \"Башнефть\" \"Башнефть-Новойл\""]
["Муфты","ПАО АНК \"Башнефть\" \"Башнефть-Новойл\"",13,157,"Муфта концевая POLT-12F/1XI-L20A","ШТ",38,9399.94,357197.72000000003,"450045, г. Уфа, ПАО АНК \"Башнефть\" \"Башнефть-Новойл\""]
["Вспомогательные материалы","ПАО АНК \"Башнефть\" \"Башнефть-Новойл\"",14,158,"I/P-преобразователь ITV0010-0-N SMC","ШТ",1,6215.16,6215.16,"450045, г. Уфа, ПАО АНК \"Башнефть\" \"Башнефть-Новойл\""]
["Вспомогательные материалы","ПАО АНК \"Башнефть\" \"Башнефть-Новойл\"",14,159,"I/P-преобразователь ITV0010-0-N SMC","ШТ",2,6215.16,12430.32,"450045, г. Уфа, ПАО АНК \"Башнефть\" \"Башнефть-Новойл\""]
["Вспомогательные материалы","ПАО АНК \"Башнефть\" \"Башнефть-Новойл\"",14,160,"I/P-преобразователь ITV0010-0-N SMC","ШТ",1,6215.16,6215.16,"450045, г. Уфа, ПАО АНК \"Башнефть\" \"Башнефть-Новойл\""]
["Вспомогательные материалы","ПАО АНК \"Башнефть\" \"Башнефть-Новойл\"",14,161,"Батарейка Sony R20","ШТ",100,18.899999999999999,1889.9999999999998,"450045, г. Уфа, ПАО АНК \"Башнефть\" \"Башнефть-Новойл\""]
["Вспомогательные материалы","ПАО АНК \"Башнефть\" \"Башнефть-Новойл\"",14,162,"Держатель конц. E/UK1 арт.1201413","ШТ",15,28.98,434.7,"450045, г. Уфа, ПАО АНК \"Башнефть\" \"Башнефть-Новойл\""]
["Вспомогательные материалы","ПАО АНК \"Башнефть\" \"Башнефть-Новойл\"",14,163,"Кабель сигнальный Yokogawa KS10-10 A","ШТ",3,2982.22,8946.66,"450045, г. Уфа, ПАО АНК \"Башнефть\" \"Башнефть-Новойл\""]
["Вспомогательные материалы","ПАО АНК \"Башнефть\" \"Башнефть-Новойл\"",14,164,"Корпус 59800900 д/Mettler-Toledo кмп1","КМП",1,51423.22,51423.22,"450045, г. Уфа, ПАО АНК \"Башнефть\" \"Башнефть-Новойл\""]
["Вспомогательные материалы","ПАО АНК \"Башнефть\" \"Башнефть-Новойл\"",14,165,"Крышка Phoenix Contact D-UK16 3006027","ШТ",30,8.7100000000000009,261.3,"450045, г. Уфа, ПАО АНК \"Башнефть\" \"Башнефть-Новойл\""]
["Вспомогательные материалы","ПАО АНК \"Башнефть\" \"Башнефть-Новойл\"",14,166,"Крышка Phoenix Contact D-UK16 3006027","ШТ",40,8.7100000000000009,348.40000000000003,"450045, г. Уфа, ПАО АНК \"Башнефть\" \"Башнефть-Новойл\""]
["Вспомогательные материалы","ПАО АНК \"Башнефть\" \"Башнефть-Новойл\"",14,167,"Крышка Phoenix Contact D-UK16 3006027","ШТ",60,8.7100000000000009,522.6,"450045, г. Уфа, ПАО АНК \"Башнефть\" \"Башнефть-Новойл\""]
["Вспомогательные материалы","ПАО АНК \"Башнефть\" \"Башнефть-Новойл\"",14,168,"Мостик Phoenix Contact EBL 10-5 2303132","ШТ",10,22.62,226.20000000000002,"450045, г. Уфа, ПАО АНК \"Башнефть\" \"Башнефть-Новойл\""]
["Вспомогательные материалы","ПАО АНК \"Башнефть\" \"Башнефть-Новойл\"",14,169,"Мостик греб. EB 10-8 0202138","ШТ",9,101.17,910.53,"450045, г. Уфа, ПАО АНК \"Башнефть\" \"Башнефть-Новойл\""]
["Вспомогательные материалы","ПАО АНК \"Башнефть\" \"Башнефть-Новойл\"",14,170,"Мостик греб. EB 10-8 0202138","ШТ",9,101.17,910.53,"450045, г. Уфа, ПАО АНК \"Башнефть\" \"Башнефть-Новойл\""]
["Вспомогательные материалы","ПАО АНК \"Башнефть\" \"Башнефть-Новойл\"",14,171,"Мостик греб. EB 10-8 0202138","ШТ",3,101.17,303.51,"450045, г. Уфа, ПАО АНК \"Башнефть\" \"Башнефть-Новойл\""]
["Вспомогательные материалы","ПАО АНК \"Башнефть\" \"Башнефть-Новойл\"",14,172,"Мостик греб. EB 10-8 0202138","ШТ",10,101.17,1011.7,"450045, г. Уфа, ПАО АНК \"Башнефть\" \"Башнефть-Новойл\""]
["Вспомогательные материалы","ПАО АНК \"Башнефть\" \"Башнефть-Новойл\"",14,173,"Мостик греб. EB 10-8 0202138","ШТ",10,101.17,1011.7,"450045, г. Уфа, ПАО АНК \"Башнефть\" \"Башнефть-Новойл\""]
["Вспомогательные материалы","ПАО АНК \"Башнефть\" \"Башнефть-Новойл\"",14,174,"Мостик греб. EB 10-8 0202138","ШТ",20,101.17,2023.4,"450045, г. Уфа, ПАО АНК \"Башнефть\" \"Башнефть-Новойл\""]
["Вспомогательные материалы","ПАО АНК \"Башнефть\" \"Башнефть-Новойл\"",14,175,"Мостик греб. EB 10-8 0202138","ШТ",10,101.17,1011.7,"450045, г. Уфа, ПАО АНК \"Башнефть\" \"Башнефть-Новойл\""]
["Вспомогательные материалы","ПАО АНК \"Башнефть\" \"Башнефть-Новойл\"",14,176,"Мостик греб. EB 10-8 0202138","ШТ",10,101.17,1011.7,"450045, г. Уфа, ПАО АНК \"Башнефть\" \"Башнефть-Новойл\""]
["Вспомогательные материалы","ПАО АНК \"Башнефть\" \"Башнефть-Новойл\"",14,177,"Мостик греб. EB 10-8 0202138","ШТ",10,101.17,1011.7,"450045, г. Уфа, ПАО АНК \"Башнефть\" \"Башнефть-Новойл\""]
["Вспомогательные материалы","ПАО АНК \"Башнефть\" \"Башнефть-Новойл\"",14,178,"Мостик греб. EB 10-8 0202138","ШТ",10,101.17,1011.7,"450045, г. Уфа, ПАО АНК \"Башнефть\" \"Башнефть-Новойл\""]
["Вспомогательные материалы","ПАО АНК \"Башнефть\" \"Башнефть-Новойл\"",14,179,"Ниппель Siemens арт. M56340-A0008","ШТ",4,384.72,1538.88,"450045, г. Уфа, ПАО АНК \"Башнефть\" \"Башнефть-Новойл\""]
["Вспомогательные материалы","ПАО АНК \"Башнефть\" \"Башнефть-Новойл\"",14,180,"200.006.00-00-12/M20х1,5-M20х1,5-120-H10","ШТ",7,519.55999999999995,3636.9199999999996,"450045, г. Уфа, ПАО АНК \"Башнефть\" \"Башнефть-Новойл\""]
["Вспомогательные материалы","ПАО АНК \"Башнефть\" \"Башнефть-Новойл\"",14,181,"200.006.00-00-13-М20х1,5-Н10-200","ШТ",2,505.12,1010.24,"450045, г. Уфа, ПАО АНК \"Башнефть\" \"Башнефть-Новойл\""]
["Вспомогательные материалы","ПАО АНК \"Башнефть\" \"Башнефть-Новойл\"",14,182,"HART-модем Jumo 40/00443447","ШТ",2,14119.31,28238.62,"450045, г. Уфа, ПАО АНК \"Башнефть\" \"Башнефть-Новойл\""]
["Вспомогательные материалы","ПАО АНК \"Башнефть\" \"Башнефть-Новойл\"",14,183,"I/P-преобразователь ITV0010-0-N SMC","ШТ",2,6215.16,12430.32,"450045, г. Уфа, ПАО АНК \"Башнефть\" \"Башнефть-Новойл\""]
["Вспомогательные материалы","ПАО АНК \"Башнефть\" \"Башнефть-Новойл\"",14,184,"Аппарат пускорег.Philips HF-P 91162600","ШТ",82,296.39,24303.98,"450045, г. Уфа, ПАО АНК \"Башнефть\" \"Башнефть-Новойл\""]
["Вспомогательные материалы","ПАО АНК \"Башнефть\" \"Башнефть-Новойл\"",14,185,"Блок включения БКЖИ 687273012 БВ 220В","ШТ",5,1134,5670,"450045, г. Уфа, ПАО АНК \"Башнефть\" \"Башнефть-Новойл\""]
["Вспомогательные материалы","ПАО АНК \"Башнефть\" \"Башнефть-Новойл\"",14,186,"Блок включения БКЖИ 687273012 БВ 220В","ШТ",1,1134,1134,"450045, г. Уфа, ПАО АНК \"Башнефть\" \"Башнефть-Новойл\""]
["Вспомогательные материалы","ПАО АНК \"Башнефть\" \"Башнефть-Новойл\"",14,187,"Блок питания унив. Newstar NSC-80","ШТ",5,1533,7665,"450045, г. Уфа, ПАО АНК \"Башнефть\" \"Башнефть-Новойл\""]
["Вспомогательные материалы","ПАО АНК \"Башнефть\" \"Башнефть-Новойл\"",14,188,"Бобышка ЮНКЖ 034.5-Смф-60-100","ШТ",1,404.04,404.04,"450045, г. Уфа, ПАО АНК \"Башнефть\" \"Башнефть-Новойл\""]
["Вспомогательные материалы","ПАО АНК \"Башнефть\" \"Башнефть-Новойл\"",14,189,"Вставка плавкая ES/КМК 3-GB 1005088","ШТ",50,119.07,5953.5,"450045, г. Уфа, ПАО АНК \"Башнефть\" \"Башнефть-Новойл\""]
["Вспомогательные материалы","ПАО АНК \"Башнефть\" \"Башнефть-Новойл\"",14,190,"Вставка плавкая ПВД-1 25А 002312407","ШТ",30,37.090000000000003,1112.7,"450045, г. Уфа, ПАО АНК \"Башнефть\" \"Башнефть-Новойл\""]
["Вспомогательные материалы","ПАО АНК \"Башнефть\" \"Башнефть-Новойл\"",14,191,"Вставка плавкая ПВД-111 63А 002313403","ШТ",30,126.1,3783,"450045, г. Уфа, ПАО АНК \"Башнефть\" \"Башнефть-Новойл\""]
["Вспомогательные материалы","ПАО АНК \"Башнефть\" \"Башнефть-Новойл\"",14,192,"Головка JUMO dTRANS T01 90/00387706","ШТ",69,78.27,5400.63,"450045, г. Уфа, ПАО АНК \"Башнефть\" \"Башнефть-Новойл\""]
["Вспомогательные материалы","ПАО АНК \"Башнефть\" \"Башнефть-Новойл\"",14,193,"ГТ-702-50-33х2-М20х1.5-12Х18Н10Т-120","ШТ",1,2195.0300000000002,2195.0300000000002,"450045, г. Уфа, ПАО АНК \"Башнефть\" \"Башнефть-Новойл\""]
["Вспомогательные материалы","ПАО АНК \"Башнефть\" \"Башнефть-Новойл\"",14,194,"ДА2005СГ1Ex (-1...0...3)кгс/см2","ШТ",2,6215.16,12430.32,"450045, г. Уфа, ПАО АНК \"Башнефть\" \"Башнефть-Новойл\""]
["Вспомогательные материалы","ПАО АНК \"Башнефть\" \"Башнефть-Новойл\"",14,195,"ДА2005СГ1Ex (-1...0...3)кгс/см2","ШТ",3,6215.16,18645.48,"450045, г. Уфа, ПАО АНК \"Башнефть\" \"Башнефть-Новойл\""]
["Вспомогательные материалы","ПАО АНК \"Башнефть\" \"Башнефть-Новойл\"",14,196,"Держатель конц. E/UK1 арт.1201413","ШТ",51,28.98,1477.98,"450045, г. Уфа, ПАО АНК \"Башнефть\" \"Башнефть-Новойл\""]
["Вспомогательные материалы","ПАО АНК \"Башнефть\" \"Башнефть-Новойл\"",14,197,"Держатель конц. E/UK1 арт.1201413","ШТ",100,28.98,2898,"450045, г. Уфа, ПАО АНК \"Башнефть\" \"Башнефть-Новойл\""]
["Вспомогательные материалы","ПАО АНК \"Башнефть\" \"Башнефть-Новойл\"",14,198,"Держатель конц. E/UK1 арт.1201413","ШТ",100,28.98,2898,"450045, г. Уфа, ПАО АНК \"Башнефть\" \"Башнефть-Новойл\""]
["Вспомогательные материалы","ПАО АНК \"Башнефть\" \"Башнефть-Новойл\"",14,199,"Держатель конц. E/UK1 арт.1201413","ШТ",3,28.98,86.94,"450045, г. Уфа, ПАО АНК \"Башнефть\" \"Башнефть-Новойл\""]
["Вспомогательные материалы","ПАО АНК \"Башнефть\" \"Башнефть-Новойл\"",14,200,"Держатель конц. E/UK1 арт.1201413","ШТ",50,28.98,1449,"450045, г. Уфа, ПАО АНК \"Башнефть\" \"Башнефть-Новойл\""]
["Вспомогательные материалы","ПАО АНК \"Башнефть\" \"Башнефть-Новойл\"",14,201,"Держатель предохранителя Legrand L/05811","ШТ",10,107.36,1073.5999999999999,"450045, г. Уфа, ПАО АНК \"Башнефть\" \"Башнефть-Новойл\""]
["Вспомогательные материалы","ПАО АНК \"Башнефть\" \"Башнефть-Новойл\"",14,202,"Дроссель двигателя 90А VW3A5103","ШТ",7,8388.66,58720.619999999995,"450045, г. Уфа, ПАО АНК \"Башнефть\" \"Башнефть-Новойл\""]
["Вспомогательные материалы","ПАО АНК \"Башнефть\" \"Башнефть-Новойл\"",14,203,"Дроссель двигателя 90А VW3A5103","ШТ",7,8388.66,58720.619999999995,"450045, г. Уфа, ПАО АНК \"Башнефть\" \"Башнефть-Новойл\""]
["Вспомогательные материалы","ПАО АНК \"Башнефть\" \"Башнефть-Новойл\"",14,204,"Кабель CCA772","ШТ",1,909.72,909.72,"450045, г. Уфа, ПАО АНК \"Башнефть\" \"Башнефть-Новойл\""]
["Вспомогательные материалы","ПАО АНК \"Башнефть\" \"Башнефть-Новойл\"",14,205,"Кабель CCA772","ШТ",1,944.03,944.03,"450045, г. Уфа, ПАО АНК \"Башнефть\" \"Башнефть-Новойл\""]
["Вспомогательные материалы","ПАО АНК \"Башнефть\" \"Башнефть-Новойл\"",14,206,"Кабель CCA772","ШТ",1,1011.79,1011.79,"450045, г. Уфа, ПАО АНК \"Башнефть\" \"Башнефть-Новойл\""]
["Вспомогательные материалы","ПАО АНК \"Башнефть\" \"Башнефть-Новойл\"",14,207,"Кабель CCA783","ШТ",1,1806.84,1806.84,"450045, г. Уфа, ПАО АНК \"Башнефть\" \"Башнефть-Новойл\""]
["Вспомогательные материалы","ПАО АНК \"Башнефть\" \"Башнефть-Новойл\"",14,208,"Кабель Schneider Electric ССА 612 3м","ШТ",1,1158.28,1158.28,"450045, г. Уфа, ПАО АНК \"Башнефть\" \"Башнефть-Новойл\""]
["Вспомогательные материалы","ПАО АНК \"Башнефть\" \"Башнефть-Новойл\"",14,209,"Кабель Schneider Electric ССА 612 3м","ШТ",4,822.01,3288.04,"450045, г. Уфа, ПАО АНК \"Башнефть\" \"Башнефть-Новойл\""]
["Вспомогательные материалы","ПАО АНК \"Башнефть\" \"Башнефть-Новойл\"",14,210,"Кабель измерительный КИ-НН-1.5","ШТ",1,763.89,763.89,"450045, г. Уфа, ПАО АНК \"Башнефть\" \"Башнефть-Новойл\""]
["Вспомогательные материалы","ПАО АНК \"Башнефть\" \"Башнефть-Новойл\"",14,211,"Кабель измерительный КИ-ХА-1.5","ШТ",1,763.89,763.89,"450045, г. Уфа, ПАО АНК \"Башнефть\" \"Башнефть-Новойл\""]
["Вспомогательные материалы","ПАО АНК \"Башнефть\" \"Башнефть-Новойл\"",14,212,"Кабель измерительный КИ-ХК-1.5","ШТ",1,763.89,763.89,"450045, г. Уфа, ПАО АНК \"Башнефть\" \"Башнефть-Новойл\""]
["Вспомогательные материалы","ПАО АНК \"Башнефть\" \"Башнефть-Новойл\"",14,213,"Кабель интерфейсный JUMO 70/00456352","ШТ",3,4913.46,14740.380000000001,"450045, г. Уфа, ПАО АНК \"Башнефть\" \"Башнефть-Новойл\""]
["Вспомогательные материалы","ПАО АНК \"Башнефть\" \"Башнефть-Новойл\"",14,214,"Кабель сигнальный Yokogawa KS10-10 A","ШТ",7,2982.22,20875.539999999997,"450045, г. Уфа, ПАО АНК \"Башнефть\" \"Башнефть-Новойл\""]
["Вспомогательные материалы","ПАО АНК \"Башнефть\" \"Башнефть-Новойл\"",14,215,"Калибратор температуры КТП-500","ШТ",1,141864.74,141864.74,"450045, г. Уфа, ПАО АНК \"Башнефть\" \"Башнефть-Новойл\""]
["Вспомогательные материалы","ПАО АНК \"Башнефть\" \"Башнефть-Новойл\"",14,216,"Карта Schneider Electric VW3A3201","ШТ",6,9528.89,57173.34,"450045, г. Уфа, ПАО АНК \"Башнефть\" \"Башнефть-Новойл\""]
["Вспомогательные материалы","ПАО АНК \"Башнефть\" \"Башнефть-Новойл\"",14,217,"Карта расшир.VW3A3202 Schneider Electric","ШТ",6,10891.77,65350.62,"450045, г. Уфа, ПАО АНК \"Башнефть\" \"Башнефть-Новойл\""]
["Вспомогательные материалы","ПАО АНК \"Башнефть\" \"Башнефть-Новойл\"",14,218,"Кожух Shneider Electric VW3A9612","ШТ",7,11736.22,82153.539999999994,"450045, г. Уфа, ПАО АНК \"Башнефть\" \"Башнефть-Новойл\""]
["Вспомогательные материалы","ПАО АНК \"Башнефть\" \"Башнефть-Новойл\"",14,219,"Колодка клеммная ST 2,5 BU 3031225","ШТ",100,13.15,1315,"450045, г. Уфа, ПАО АНК \"Башнефть\" \"Башнефть-Новойл\""]
["Вспомогательные материалы","ПАО АНК \"Башнефть\" \"Башнефть-Новойл\"",14,220,"Контакт Schneider Electric A9F26924","ШТ",12,441.92,5303.04,"450045, г. Уфа, ПАО АНК \"Башнефть\" \"Башнефть-Новойл\""]
["Вспомогательные материалы","ПАО АНК \"Башнефть\" \"Башнефть-Новойл\"",14,221,"Корпус 59800900 д/Mettler-Toledo кмп1","КМП",2,51423.22,102846.44,"450045, г. Уфа, ПАО АНК \"Башнефть\" \"Башнефть-Новойл\""]
["Вспомогательные материалы","ПАО АНК \"Башнефть\" \"Башнефть-Новойл\"",14,222,"Корпус защ.с каб.вв.М20 FCS-8510-C20","ШТ",2,19938.79,39877.58,"450045, г. Уфа, ПАО АНК \"Башнефть\" \"Башнефть-Новойл\""]
["Вспомогательные материалы","ПАО АНК \"Башнефть\" \"Башнефть-Новойл\"",14,223,"Крышка Phoenix Contact P/n 2775113","ШТ",450,15.76,7092,"450045, г. Уфа, ПАО АНК \"Башнефть\" \"Башнефть-Новойл\""]
["Вспомогательные материалы","ПАО АНК \"Башнефть\" \"Башнефть-Новойл\"",14,224,"Крышка торцев.Phoenix Contact P/n3101029","ШТ",30,8.8699999999999992,266.09999999999997,"450045, г. Уфа, ПАО АНК \"Башнефть\" \"Башнефть-Новойл\""]
["Вспомогательные материалы","ПАО АНК \"Башнефть\" \"Башнефть-Новойл\"",14,225,"КТХА-04.06-062-к2-Н-С10-6-500/2000","ШТ",53,1367.15,72458.950000000012,"450045, г. Уфа, ПАО АНК \"Башнефть\" \"Башнефть-Новойл\""]
["Вспомогательные материалы","ПАО АНК \"Башнефть\" \"Башнефть-Новойл\"",14,226,"М43-Ex-ДИ-3341-300кПа-0,25-42-M20","ШТ",3,9640.5400000000009,28921.620000000003,"450045, г. Уфа, ПАО АНК \"Башнефть\" \"Башнефть-Новойл\""]
["Вспомогательные материалы","ПАО АНК \"Башнефть\" \"Башнефть-Новойл\"",14,227,"МВП3-Уф(-100+150кПа)1,5-d100-IP40-M20х1","ШТ",2,260.73,521.46,"450045, г. Уфа, ПАО АНК \"Башнефть\" \"Башнефть-Новойл\""]
["Вспомогательные материалы","ПАО АНК \"Башнефть\" \"Башнефть-Новойл\"",14,228,"МВП4-Уф-(-100...0...60 кПа)1,5","ШТ",1,327.60000000000002,327.60000000000002,"450045, г. Уфа, ПАО АНК \"Башнефть\" \"Башнефть-Новойл\""]
["Вспомогательные материалы","ПАО АНК \"Башнефть\" \"Башнефть-Новойл\"",14,229,"МВП4-Уф-(-100+150кПа)-1,5-d160-IP40-M20","ШТ",1,327.60000000000002,327.60000000000002,"450045, г. Уфа, ПАО АНК \"Башнефть\" \"Башнефть-Новойл\""]
["Вспомогательные материалы","ПАО АНК \"Башнефть\" \"Башнефть-Новойл\"",14,230,"МВП4-Уф-(-100+300кПа)-1,5-d160-IP40-M20","ШТ",1,327.60000000000002,327.60000000000002,"450045, г. Уфа, ПАО АНК \"Башнефть\" \"Башнефть-Новойл\""]
["Вспомогательные материалы","ПАО АНК \"Башнефть\" \"Башнефть-Новойл\"",14,231,"Мод.клем. UK 5-HESI 3004100","ШТ",100,125.48,12548,"450045, г. Уфа, ПАО АНК \"Башнефть\" \"Башнефть-Новойл\""]
["Вспомогательные материалы","ПАО АНК \"Башнефть\" \"Башнефть-Новойл\"",14,232,"Мост Phoenix Contact FBI 10-12 0203454","ШТ",6,163.6,981.59999999999991,"450045, г. Уфа, ПАО АНК \"Башнефть\" \"Башнефть-Новойл\""]
["Вспомогательные материалы","ПАО АНК \"Башнефть\" \"Башнефть-Новойл\"",14,233,"Мостик Phoenix Contact EBL 10-5 2303132","ШТ",50,22.62,1131,"450045, г. Уфа, ПАО АНК \"Башнефть\" \"Башнефть-Новойл\""]
["Вспомогательные материалы","ПАО АНК \"Башнефть\" \"Башнефть-Новойл\"",14,234,"Мостик Phoenix Contact ЕВ 10-6 0201139","ШТ",10,40.369999999999997,403.7,"450045, г. Уфа, ПАО АНК \"Башнефть\" \"Башнефть-Новойл\""]
["Вспомогательные материалы","ПАО АНК \"Башнефть\" \"Башнефть-Новойл\"",14,235,"Мостик греб. EB 10-10 0203137","ШТ",10,66.83,668.3,"450045, г. Уфа, ПАО АНК \"Башнефть\" \"Башнефть-Новойл\""]
["Вспомогательные материалы","ПАО АНК \"Башнефть\" \"Башнефть-Новойл\"",14,236,"Мостик греб. EB 10-12 3006137","ШТ",10,73.45,734.5,"450045, г. Уфа, ПАО АНК \"Башнефть\" \"Башнефть-Новойл\""]
["Вспомогательные материалы","ПАО АНК \"Башнефть\" \"Башнефть-Новойл\"",14,237,"Мостик греб. EB 10-8 0202138","ШТ",9,101.17,910.53,"450045, г. Уфа, ПАО АНК \"Башнефть\" \"Башнефть-Новойл\""]
["Вспомогательные материалы","ПАО АНК \"Башнефть\" \"Башнефть-Новойл\"",14,238,"Мостик греб. EB 10-8 0202138","ШТ",70,101.17,7081.9000000000005,"450045, г. Уфа, ПАО АНК \"Башнефть\" \"Башнефть-Новойл\""]
["Вспомогательные материалы","ПАО АНК \"Башнефть\" \"Башнефть-Новойл\"",14,239,"Мостик греб. EB 10-8 0202138","ШТ",10,101.17,1011.7,"450045, г. Уфа, ПАО АНК \"Башнефть\" \"Башнефть-Новойл\""]
["Вспомогательные материалы","ПАО АНК \"Башнефть\" \"Башнефть-Новойл\"",14,240,"Мостик греб. EB 10-8 0202138","ШТ",89,101.17,{"$f":"G244*H244","v":9004.130000000001},"450045, г. Уфа, ПАО АНК \"Башнефть\" \"Башнефть-Новойл\""]
["Вспомогательные материалы","ПАО АНК \"Башнефть\" \"Башнефть-Новойл\"",14,241,"Мостик греб. EB 10-8 0202138","ШТ",6,101.17,607.02,"450045, г. Уфа, ПАО АНК \"Башнефть\" \"Башнефть-Новойл\""]
["Вспомогательные материалы","ПАО АНК \"Башнефть\" \"Башнефть-Новойл\"",14,242,"Мостик греб. EB 10-8 0202138","ШТ",4,101.17,404.68,"450045, г. Уфа, ПАО АНК \"Башнефть\" \"Башнефть-Новойл\""]
["Вспомогательные материалы","ПАО АНК \"Башнефть\" \"Башнефть-Новойл\"",14,243,"МП3-Уф 600кПа 1,5 100 IP40 М20х1,5 РШ","ШТ",20,222.53,4450.6000000000004,"450045, г. Уфа, ПАО АНК \"Башнефть\" \"Башнефть-Новойл\""]
["Вспомогательные материалы","ПАО АНК \"Башнефть\" \"Башнефть-Новойл\"",14,244,"МП4-Уф 0-2,5 кгс/см2 кт.1,5 d.160","ШТ",9,354.77,3192.93,"450045, г. Уфа, ПАО АНК \"Башнефть\" \"Башнефть-Новойл\""]
["Вспомогательные материалы","ПАО АНК \"Башнефть\" \"Башнефть-Новойл\"",14,245,"МП4-Уф 0-2,5 кгс/см2 кт.1,5 d.160","ШТ",5,275.56,1377.8,"450045, г. Уфа, ПАО АНК \"Башнефть\" \"Башнефть-Новойл\""]
["Вспомогательные материалы","ПАО АНК \"Башнефть\" \"Башнефть-Новойл\"",14,246,"Ниппель Siemens арт. M56340-A0008","ШТ",19,384.72,7309.68,"450045, г. Уфа, ПАО АНК \"Башнефть\" \"Башнефть-Новойл\""]
["Вспомогательные материалы","ПАО АНК \"Башнефть\" \"Башнефть-Новойл\"",14,247,"Ниппель Siemens арт. M56340-A0008","ШТ",4,384.72,1538.88,"450045, г. Уфа, ПАО АНК \"Башнефть\" \"Башнефть-Новойл\""]
["Вспомогательные материалы","ПАО АНК \"Башнефть\" \"Башнефть-Новойл\"",14,248,"Планки для крепления на стене ПК(В)","КМП",44,268.24,11802.560000000001,"450045, г. Уфа, ПАО АНК \"Башнефть\" \"Башнефть-Новойл\""]
["Вспомогательные материалы","ПАО АНК \"Башнефть\" \"Башнефть-Новойл\"",14,249,"Разъем ССА620","ШТ",1,764.92,764.92,"450045, г. Уфа, ПАО АНК \"Башнефть\" \"Башнефть-Новойл\""]
["Вспомогательные материалы","ПАО АНК \"Башнефть\" \"Башнефть-Новойл\"",14,250,"Разъем ССТ640 (59632)","ШТ",1,4323.8599999999997,4323.8599999999997,"450045, г. Уфа, ПАО АНК \"Башнефть\" \"Башнефть-Новойл\""]
["Вспомогательные материалы","ПАО АНК \"Башнефть\" \"Башнефть-Новойл\"",14,251,"Реле давления РД-100-I-M12-15-H-P-500","ШТ",1,6837.85,6837.85,"450045, г. Уфа, ПАО АНК \"Башнефть\" \"Башнефть-Новойл\""]
["Вспомогательные материалы","ПАО АНК \"Башнефть\" \"Башнефть-Новойл\"",14,252,"Реле давления РД-12-I-M12-6-H-P","ШТ",1,6837.85,6837.85,"450045, г. Уфа, ПАО АНК \"Башнефть\" \"Башнефть-Новойл\""]
["Вспомогательные материалы","ПАО АНК \"Башнефть\" \"Башнефть-Новойл\"",14,253,"Соединитель Altlok 201-1/2x1/2N-SS","ШТ",100,564.61,56461,"450045, г. Уфа, ПАО АНК \"Башнефть\" \"Башнефть-Новойл\""]
["Вспомогательные материалы","ПАО АНК \"Башнефть\" \"Башнефть-Новойл\"",14,254,"Соединитель Altlok 201-12ММх1/2N-SS","ШТ",100,596.54999999999995,59654.999999999993,"450045, г. Уфа, ПАО АНК \"Башнефть\" \"Башнефть-Новойл\""]
["Вспомогательные материалы","ПАО АНК \"Башнефть\" \"Башнефть-Новойл\"",14,255,"ТБП100/80НХ/Т(0-200)1,0/М20х1,5/IP64","ШТ",2,1196.5999999999999,2393.1999999999998,"450045, г. Уфа, ПАО АНК \"Башнефть\" \"Башнефть-Новойл\""]
["Вспомогательные материалы","ПАО АНК \"Башнефть\" \"Башнефть-Новойл\"",14,256,"ТП0502C1A0XXA83 XX=5600 мм кмп","ШТ",6,5536.54,33219.24,"450045, г. Уфа, ПАО АНК \"Башнефть\" \"Башнефть-Новойл\""]
["Вспомогательные материалы","ПАО АНК \"Башнефть\" \"Башнефть-Новойл\"",14,257,"Узел пишущий УПС-12/3 зеленый","ШТ",4,36.68,146.72,"450045, г. Уфа, ПАО АНК \"Башнефть\" \"Башнефть-Новойл\""]
["Вспомогательные материалы","ПАО АНК \"Башнефть\" \"Башнефть-Новойл\"",14,258,"Узел пишущий УПС-12/3М зеленый","ШТ",3,36.68,110.03999999999999,"450045, г. Уфа, ПАО АНК \"Башнефть\" \"Башнефть-Новойл\""]
["Вспомогательные материалы","ПАО АНК \"Башнефть\" \"Башнефть-Новойл\"",14,259,"Устройства E2S BEXCS110-05D 12DC RD","ШТ",1,44247.65,44247.65,"450045, г. Уфа, ПАО АНК \"Башнефть\" \"Башнефть-Новойл\""]
["Вспомогательные материалы","ПАО АНК \"Башнефть\" \"Башнефть-Новойл\"",14,260,"Фитинг Camozzi 1511 6/4-1/4","ШТ",10,25.7,257,"450045, г. Уфа, ПАО АНК \"Башнефть\" \"Башнефть-Новойл\""]
["Вспомогательные материалы","ПАО АНК \"Башнефть\" \"Башнефть-Новойл\"",14,261,"Фитинг Camozzi 1511 8/6-1/4","ШТ",10,27.56,275.59999999999997,"450045, г. Уфа, ПАО АНК \"Башнефть\" \"Башнефть-Новойл\""]
["Вспомогательные материалы","ПАО АНК \"Башнефть\" \"Башнефть-Новойл\"",14,262,"Фитинг Camozzi 6512 6-1/4","ШТ",20,28.39,567.79999999999995,"450045, г. Уфа, ПАО АНК \"Башнефть\" \"Башнефть-Новойл\""]
["Вспомогательные материалы","ПАО АНК \"Башнефть\" \"Башнефть-Новойл\"",14,263,"Фитинг Camozzi 6512 8-1/8","ШТ",20,28.39,567.79999999999995,"450045, г. Уфа, ПАО АНК \"Башнефть\" \"Башнефть-Новойл\""]
["Вспомогательные материалы","ПАО АНК \"Башнефть\" \"Башнефть-Новойл\"",14,264,"Фланец ЮНКЖ 037.07-10-50-Ст20","ШТ",2,1647.85,3295.7,"450045, г. Уфа, ПАО АНК \"Башнефть\" \"Башнефть-Новойл\""]
["Вспомогательные материалы","ПАО АНК \"Башнефть\" \"Башнефть-Новойл\"",14,265,"ЦЭ6803В/1 1Т 220В 10-100А Зф4пр М6Р30","ШТ",2,998.72,1997.44,"450045, г. Уфа, ПАО АНК \"Башнефть\" \"Башнефть-Новойл\""]
["Вспомогательные материалы","ПАО АНК \"Башнефть\" \"Башнефть-Новойл\"",14,266,"Шина нейтрали Phoenix Contact 0402174","ШТ",1,255.32,255.32,"450045, г. Уфа, ПАО АНК \"Башнефть\" \"Башнефть-Новойл\""]
["Вспомогательные материалы","ПАО АНК \"Башнефть\" \"Башнефть-Новойл\"",14,267,"Штуцер 1/4\" MNPT SS-3M0-1-4","ШТ",11,506.69,5573.59,"450045, г. Уфа, ПАО АНК \"Башнефть\" \"Башнефть-Новойл\""]
["Вспомогательные материалы","ПАО АНК \"Башнефть\" \"Башнефть-Новойл\"",14,268,"Штуцер Swagelok NPT SS-20M0-1-8","ШТ",5,1511,7555,"450045, г. Уфа, ПАО АНК \"Башнефть\" \"Башнефть-Новойл\""]
["Вспомогательные материалы","ПАО АНК \"Башнефть\" \"Башнефть-Новойл\"",14,269,"Электроподжиг Paar 107206","ШТ",2,23389.27,46778.54,"450045, г. Уфа, ПАО АНК \"Башнефть\" \"Башнефть-Новойл\""]
["Вспомогательные материалы","ПАО АНК \"Башнефть\" \"Башнефть-Новойл\"",14,270,"Счетчик горячей воды ВСГ-15","ШТ",2,620.99,1241.98,"450045, г. Уфа, ПАО АНК \"Башнефть\" \"Башнефть-Новойл\""]
["Вспомогательные материалы","ПАО АНК \"Башнефть\" \"Башнефть-Новойл\"",14,271,"Счетчик горячей воды СГВ-15","ШТ",1,357,357,"450045, г. Уфа, ПАО АНК \"Башнефть\" \"Башнефть-Новойл\""]
["Вспомогательные материалы","ПАО АНК \"Башнефть\" \"Башнефть-Новойл\"",14,272,"Шина нейтрали Phoenix Contact 0402174","ШТ",3,255.32,765.96,"450045, г. Уфа, ПАО АНК \"Башнефть\" \"Башнефть-Новойл\""]
["Вспомогательные материалы","ПАО АНК \"Башнефть\" \"Башнефть-Новойл\"",14,273,"Шина нейтрали Phoenix Contact 0402174","ШТ",3,255.32,765.96,"450045, г. Уфа, ПАО АНК \"Башнефть\" \"Башнефть-Новойл\""]
["Аккумулятор","ПАО АНК \"Башнефть\" \"Башнефть-Новойл\"",15,274,"Аккумулятор Delta DTM 1217","ШТ",1,1692.6,1692.6,"450045, г. Уфа, ПАО АНК \"Башнефть\" \"Башнефть-Новойл\""]
["Аккумулятор","ПАО АНК \"Башнефть\" \"Башнефть-Новойл\"",15,275,"Аккумулятор Delta DTM 1217","ШТ",1,1692.6,1692.6,"450045, г. Уфа, ПАО АНК \"Башнефть\" \"Башнефть-Новойл\""]
["Аккумулятор","ПАО АНК \"Башнефть\" \"Башнефть-Новойл\"",15,276,"Аккумулятор Legrand 2.4В 1.6А/ч 61892","ШТ",2,1105.44,2210.88,"450045, г. Уфа, ПАО АНК \"Башнефть\" \"Башнефть-Новойл\""]
["Аккумулятор","ПАО АНК \"Башнефть\" \"Башнефть-Новойл\"",15,277,"Аккумулятор Motorola HNN4002","ШТ",10,3742.2,37422,"450045, г. Уфа, ПАО АНК \"Башнефть\" \"Башнефть-Новойл\""]
["Аккумулятор","ПАО АНК \"Башнефть\" \"Башнефть-Новойл\"",15,278,"Батарея аккумуляторная APC RBC105","ШТ",4,18093.599999999999,72374.399999999994,"450045, г. Уфа, ПАО АНК \"Башнефть\" \"Башнефть-Новойл\""]
["Оборудование","ПАО АНК \"Башнефть\" \"Башнефть-Новойл\"",16,279,"Амперметр А72-80/5А","ШТ",2,756.06,1512.12,"450045, г. Уфа, ПАО АНК \"Башнефть\" \"Башнефть-Новойл\""]
["Оборудование","ПАО АНК \"Башнефть\" \"Башнефть-Новойл\"",16,280,"Амперметр Э365-800/5А","ШТ",2,630,1260,"450045, г. Уфа, ПАО АНК \"Башнефть\" \"Башнефть-Новойл\""]
["Оборудование","ПАО АНК \"Башнефть\" \"Башнефть-Новойл\"",16,281,"Амперметр Э42702 300/5А кл.т. 1,5","ШТ",1,924,924,"450045, г. Уфа, ПАО АНК \"Башнефть\" \"Башнефть-Новойл\""]
["Оборудование","ПАО АНК \"Башнефть\" \"Башнефть-Новойл\"",16,282,"Амперметр Э42702-50/1А","ШТ",1,705.1,705.1,"450045, г. Уфа, ПАО АНК \"Башнефть\" \"Башнефть-Новойл\""]
["Оборудование","ПАО АНК \"Башнефть\" \"Башнефть-Новойл\"",16,283,"Модуль Phoenix Contact PLC-RSC-12DC/21AU","ШТ",10,647.22,6472.2000000000007,"450045, г. Уфа, ПАО АНК \"Башнефть\" \"Башнефть-Новойл\""]
["Оборудование","ПАО АНК \"Башнефть\" \"Башнефть-Новойл\"",16,284,"Модуль ввода/вывода MES114F 59652","ШТ",2,13320.26,26640.52,"450045, г. Уфа, ПАО АНК \"Башнефть\" \"Башнефть-Новойл\""]
["Оборудование","ПАО АНК \"Башнефть\" \"Башнефть-Новойл\"",16,285,"Модуль ввода/вывода MES114F 59652","ШТ",3,12774.43,38323.29,"450045, г. Уфа, ПАО АНК \"Башнефть\" \"Башнефть-Новойл\""]
["Оборудование","ПАО АНК \"Башнефть\" \"Башнефть-Новойл\"",16,286,"Модуль опторазвязки Б21-ОР для Базис-21","ШТ",1,3632.91,3632.91,"450045, г. Уфа, ПАО АНК \"Башнефть\" \"Башнефть-Новойл\""]
["Оборудование","ПАО АНК \"Башнефть\" \"Башнефть-Новойл\"",16,287,"Модуль связи Schneider ACE 949-2 59642","ШТ",3,4981.6400000000003,14944.920000000002,"450045, г. Уфа, ПАО АНК \"Башнефть\" \"Башнефть-Новойл\""]
["Оборудование","ПАО АНК \"Башнефть\" \"Башнефть-Новойл\"",16,288,"Преобразователь RS485-GB-485Ex-P35 4кан.","ШТ",1,23156.52,23156.52,"450045, г. Уфа, ПАО АНК \"Башнефть\" \"Башнефть-Новойл\""]
["Оборудование","ПАО АНК \"Башнефть\" \"Башнефть-Новойл\"",16,289,"Пьезодатчик Velomitor XA 330525RU Bently","ШТ",3,37709.9,113129.70000000001,"450045, г. Уфа, ПАО АНК \"Башнефть\" \"Башнефть-Новойл\""]
["Оборудование","ПАО АНК \"Башнефть\" \"Башнефть-Новойл\"",16,290,"Регулятор расх/давл УРРД-2-25-0,04-0,16","ШТ",3,6641.28,19923.84,"450045, г. Уфа, ПАО АНК \"Башнефть\" \"Башнефть-Новойл\""]

{"sheet":"Лист1","index":1,"n_rows":0,"n_cols":0,"rows_kept":0,"cut":false,"hidden":false,"merged":[]}